| 000 | 01282nas a2200445 4500 | ||
|---|---|---|---|
| 001 | BR8107902 | ||
| 003 | BR-BrBNA | ||
| 005 | 20231205084923.0 | ||
| 007 | ta | ||
| 008 | 230509b bl.|||p| |||| 00| 00por d | ||
| 040 |
_aBR-BrBNA _bpor _cBiblioteca Nacional de Agricultura |
||
| 041 | _a(Pt) | ||
| 072 | _aF60; F25 | ||
| 100 | 1 | _aMalavolta, E. | |
| 100 | 1 | _aPenna, A. | |
| 100 | 1 | _aFlorio, A. | |
| 100 | 1 | _aFrehani, A.A. | |
| 100 | 1 | _aSilva, A.T. | |
| 100 | 1 | _aRodrigues, B.N. | |
| 100 | 1 | _aPaulo, E.M. | |
| 100 | 1 | _aCosta, N.A. | |
| 100 | 1 | _aSantos, P.M. | |
| 100 | 1 | _aKatayama, P.S. | |
| 100 | 1 | _aNaves, R.V. | |
| 100 | 1 | _aArevalo, R.A. | |
| 100 | 1 | _aAmaral, W. | |
| 100 | 1 | _aPavan, L.H.S. | |
| 100 | 1 | _aDario, L.A. | |
| 100 | 1 | _aAntoniolli, F.C. | |
| 100 | 1 | _aCaval, C.P. | |
| 245 | 1 | _aEstudos sobre a nutricao mineral do arroz. 8 - Marcha de absorcao de macronutrientes na variedade IAC - 25 [Oryza sativa] | |
| 650 | _aARROZ | ||
| 650 | _aVARIEDADE | ||
| 650 | _aMATERIA SECA | ||
| 650 | _aMACROELEMENTO | ||
| 650 | _aABSORCAO | ||
| 773 | 0 |
_tAnais da Escola Superior de Agricultura Luiz de Queiroz (Brazil) _xISSN 0071-1276 _g(1981), v. 38(1) p. 521-538 _wBR8107902 |
|
| 909 |
_a202311 _bLúcia _c55 _dLúcia Elande |
||
| 942 |
_2AGRIS _n0 _cANA |
||
| 999 |
_c108123 _d108123 |
||